00886nam a22002657a 45000010005000000030006000050050017000110080041000280200015000690400029000840500014001130820013001271000027001402450077001672500022002442600030002663000045002965050007003415200159003485210019005075210018005266500024005446500022005687000030005905322FISKH20241204153938.0241126b cb ||||| |||| 00| 0 eng d a0448428725 aFISKHbengcFISKHdFISKH aPZ8.W7185 a394.2663 aWing, Natashad(1960-) aThe night before Christmas /cBy Natasha Wing Illustrated by Mike Lester aPublished in 2002 aCanada :bGrosset,c2002. a21 pages :bcolor illustrations ;c21 cm aG  aTwo days before Christmas, an overworked family laments with a familiar rhyme that they had "too much to do, Our tree wasn't up yet, and Mom had the flu."8 a370L bLexile 8 aG bRaz-Plus  2ChristmasaHolidays 2DecemberaFiction aLester, MikedIllustrator